000 00751cam a22002533a 4500
001 10253
003 PGUSA
005 20140828083222.0
008 031101s2003||||xxu|||||s|||||000 | eng d
040 _aPGUSA
_beng
042 _adc
050 4 _aHB
100 1 _aCarnegie, Andrew,
_d1835-1919
245 1 4 _aThe Gospel of Wealth
_h[electronic resource] /
_cAndrew Carnegie
260 _bProject Gutenberg,
_c2003
500 _aThe motion picture element of this sound film is believed lost.
506 _aPublic domain in the USA.
516 _aElectronic text
653 _aCharities
653 _aWealth -- Moral and ethical aspects
830 0 _aProject Gutenberg
_v10253
856 4 0 _uhttp://www.gutenberg.org/ebooks/10253
942 _cEB
999 _c239508
_d239508